[Event "Tournoi de GMI de Deauville"]
[Site "Deauville"]
[Date "2010.02.??"]
[Round "1.1"]
[White "Houska, Jovanka"]
[Black "Rausis, Igor"]
[Result "1/2-1/2"]
[WhiteElo "2401"]
[BlackElo "2505"]
[PlyCount "147"]

1. d4 Nf6 2. Nf3 g6 3. c4 Bg7 4. g3 O-O 5. Bg2 d6 6. O-O c6 7. b3 e5 8. dxe5
dxe5 9. Ba3 Qxd1 10. Rxd1 Re8 11. Nc3 Na6 12. h3 e4 13. Nd4 Nc7 14. e3 Ne6 15.
Nxe6 Bxe6 16. Rac1 h5 17. Nxe4 Nxe4 18. Bxe4 Bxh3 19. Bf3 a5 20. Bc5 Bf5 21.
Rd2 Bf6 22. Kg2 Rad8 23. Rcd1 Rxd2 24. Rxd2 Bc3 25. Rd1 Bb4 26. Bd4 Bf8 27. c5
Ra8 28. Rd2 Be6 29. Rb2 Bg7 30. Bxg7 Kxg7 31. a3 Kf6 32. Rd2 Bxb3 33. Rd7 Rb8
34. Rc7 Kg7 35. g4 hxg4 36. Bxg4 b5 37. cxb6 Rxb6 38. Bf3 Be6 39. Ra7 c5 40.
Rxa5 c4 41. Rc5 Rb3 42. a4 Ra3 43. a5 c3 44. a6 Rxa6 45. Rxc3 Ra5 46. e4 Rg5+
47. Kf1 Kf6 48. Ke2 Ra5 49. Ke3 Ke5 50. Be2 g5 51. f3 Ba2 52. Bd3 Be6 53. Be2
f6 54. Bd3 Bd7 55. Rb3 Be6 56. Rb5+ Rxb5 57. Bxb5 Bf7 58. Bd7 Bh5 59. Bc8 Be8
60. Bg4 Ba4 61. Bc8 Bb3 62. Bd7 Bf7 63. Bc8 Bh5 64. Bd7 Kd6 65. Bc8 Ke5 66. Bd7
Bg6 67. Bc8 Bf7 68. Bd7 Kd6 69. Bc8 Ke5 70. Bd7 Ba2 71. Bc8 Bc4 72. Bd7 Bf7 73.
Bc8 Be8 74. Bg4 1/2-1/2

[Event "Tournoi de GMI de Deauville"]
[Site "Deauville"]
[Date "2010.02.??"]
[Round "1.1"]
[White "Colin, Vincent"]
[Black "Navrotescu, Catalin"]
[Result "1-0"]
[WhiteElo "2437"]
[BlackElo "2444"]
[PlyCount "63"]

1. d4 Nf6 2. c4 c5 3. d5 e6 4. Nc3 exd5 5. cxd5 d6 6. e4 g6 7. Bd3 Bg7 8. Nge2
O-O 9. O-O Na6 10. h3 Bd7 11. Bg5 h6 12. Bf4 Qe7 13. Ng3 Rac8 14. Bxa6 bxa6 15.
Re1 Rfe8 16. e5 dxe5 17. Bxe5 Qd8 18. Qf3 Qb6 19. Rad1 c4 20. d6 Re6 21. Re2
Bc6 22. Qf4 Qb7 23. Bxf6 Rxf6 24. Qxc4 Rd8 25. Nge4 Rf4 26. Nd5 Rxd6 27. Nxd6
Rxc4 28. Nxb7 Bxb7 29. Re8+ Kh7 30. Re7 Bxd5 31. Rxd5 Rf4 32. g3 1-0

[Event "Tournoi de GMI de Deauville"]
[Site "Deauville"]
[Date "2010.02.??"]
[Round "1.1"]
[White "Kulaots, Kaido"]
[Black "Payen, Arnaud"]
[Result "1-0"]
[WhiteElo "2584"]
[BlackElo "2352"]
[PlyCount "75"]

1. e4 d6 2. d4 Nf6 3. Nc3 Nbd7 4. g4 h6 5. h3 e5 6. Nge2 c6 7. Bg2 Be7 8. O-O
g5 9. Ng3 Nf8 10. Nf5 Ng6 11. Be3 Bxf5 12. exf5 Nf4 13. Re1 Nxg2 14. Kxg2 Qc7
15. Qe2 Nd7 16. Rad1 h5 17. dxe5 Nxe5 18. f6 Bxf6 19. Ne4 Be7 20. Bxg5 O-O-O
21. Bxe7 Qxe7 22. Nxd6+ Rxd6 23. Rxd6 Qxd6 24. Qxe5 Qd8 25. Rd1 Qe8 26. Qxe8+
Rxe8 27. Kf3 hxg4+ 28. hxg4 Re6 29. Rd2 Kc7 30. Kf4 c5 31. g5 c4 32. Rd4 b5 33.
Re4 Rd6 34. Re7+ Kd8 35. Rxf7 Rd2 36. Ke3 Rxc2 37. g6 Ke8 38. Rf5 1-0

[Event "Tournoi de GMI de Deauville"]
[Site "Deauville"]
[Date "2010.02.??"]
[Round "1.1"]
[White "David, Alberto"]
[Black "Terrieux, Kevin"]
[Result "1-0"]
[WhiteElo "2608"]
[BlackElo "2433"]
[PlyCount "69"]
[EventDate "2010.??.??"]

1. e4 c5 2. Nf3 Nc6 3. Bb5 g6 4. Bxc6 dxc6 5. d3 Bg7 6. h3 b6 7. O-O e5 8. a3
f6 9. b4 cxb4 10. axb4 Nh6 11. c4 Nf7 12. Nc3 f5 13. Bb2 O-O 14. b5 cxb5 15.
Nxb5 Bb7 16. Qe2 a6 17. Nc3 Re8 18. Rab1 Bc6 19. Rfd1 b5 20. Ba3 Rb8 21. Qa2
Qf6 22. Bc5 Rbc8 23. cxb5 axb5 24. Nxb5 fxe4 25. dxe4 Bxe4 26. Nd6 Bxb1 27.
Rxb1 Red8 28. Nxe5 Qxe5 29. Qxf7+ Kh8 30. Nxc8 Qxc5 31. Rb7 Qe5 32. Nd6 Ra8 33.
g3 Rd8 34. Re7 Qa1+ 35. Kh2 1-0

[Event "Tournoi de GMI de Deauville"]
[Site "Deauville"]
[Date "2010.02.??"]
[Round "1.1"]
[White "Le Roux, Jean-Pierre"]
[Black "Pavlovic, Milos"]
[Result "0-1"]
[WhiteElo "2497"]
[BlackElo "2539"]
[PlyCount "70"]
[EventDate "2010.??.??"]

1. Nf3 Nf6 2. c4 g6 3. b3 Bg7 4. Bb2 O-O 5. g3 b6 6. Bg2 Bb7 7. d4 e6 8. O-O
Na6 9. Nc3 Qe7 10. Rc1 d5 11. cxd5 exd5 12. e3 Rfe8 13. Ne2 Ne4 14. Nf4 c5 15.
Ba3 Red8 16. h4 Nb4 17. dxc5 bxc5 18. Bxb4 cxb4 19. Nd4 Rac8 20. Rxc8 Rxc8 21.
Qg4 Rc3 22. h5 Rc5 23. hxg6 hxg6 24. Nd3 Ra5 25. Nc2 Bc3 26. Qf4 Rxa2 27. Rc1
a5 28. Nd4 Ba6 29. Bxe4 Qxe4 30. Qb8+ Kg7 31. Nc5 Qe7 32. Nxa6 Qf6 33. Qf4 Qxa6
34. Rf1 Qf6 35. Qg4 Bxd4 0-1

[Event "Tournoi de GMI de Deauville"]
[Site "Deauville"]
[Date "2010.02.??"]
[Round "2.1"]
[White "Navrotescu, Catalin"]
[Black "Payen, Arnaud"]
[Result "1/2-1/2"]
[WhiteElo "2444"]
[BlackElo "2352"]
[PlyCount "39"]

1. d4 d6 2. c4 f5 3. Nc3 Nf6 4. Bg5 Nbd7 5. f3 e5 6. e4 exd4 7. Qxd4 fxe4 8.
Nxe4 Be7 9. Nxf6+ Bxf6 10. Bxf6 Qxf6 11. Qxf6 Nxf6 12. Bd3 O-O 13. Ne2 Bd7 14.
Kd2 a6 15. Rhe1 Rfe8 16. Nd4 Rad8 17. Bf5 Bxf5 18. Nxf5 g6 19. Nd4 Kf7 20. a4
1/2-1/2

[Event "Tournoi de GMI de Deauville"]
[Site "Deauville"]
[Date "2010.02.??"]
[Round "2.2"]
[White "Rausis, Igor"]
[Black "Kulaots, Kaido"]
[Result "1/2-1/2"]
[WhiteElo "2505"]
[BlackElo "2584"]
[PlyCount "31"]

1. e4 e5 2. Nf3 Nc6 3. Bb5 a6 4. Ba4 Nf6 5. O-O Nxe4 6. d4 b5 7. Bb3 d5 8. dxe5
Be6 9. Qe2 Be7 10. Rd1 O-O 11. c4 bxc4 12. Bxc4 Bc5 13. Be3 Bxe3 14. Qxe3 Qb8
15. Bb3 Na5 16. Nd4 1/2-1/2

[Event "Tournoi de GMI de Deauville"]
[Site "Deauville"]
[Date "2010.02.??"]
[Round "2.3"]
[White "Terrieux, Kevin"]
[Black "Houska, Jovanka"]
[Result "1-0"]
[WhiteElo "2433"]
[BlackElo "2401"]
[PlyCount "57"]

1. d4 d5 2. c4 c6 3. cxd5 cxd5 4. Nf3 Nf6 5. Nc3 Nc6 6. Bf4 a6 7. Ne5 Bf5 8. e3
e6 9. g4 Bg6 10. h4 Qb6 11. Be2 Qxb2 12. Na4 Qb4+ 13. Kf1 Nxe5 14. dxe5 Rc8 15.
Rc1 Rxc1 16. Qxc1 Nd7 17. Qc8+ Ke7 18. h5 Be4 19. f3 Qxa4 20. fxe4 Qxe4 21. Rg1
f6 22. Kf2 h6 23. Rc1 fxe5 24. Bg3 g5 25. Rc7 Qa4 26. Bd1 Qb5 27. a4 Qb2+ 28.
Kg1 Kf6 29. Qxd7 1-0

[Event "Tournoi de GMI de Deauville"]
[Site "Deauville"]
[Date "2010.02.??"]
[Round "2.4"]
[White "Pavlovic, Milos"]
[Black "David, Alberto"]
[Result "0-1"]
[WhiteElo "2539"]
[BlackElo "2608"]
[Annotator ",Antoine"]
[PlyCount "60"]
[EventDate "2010.??.??"]

1. d4 Nf6 2. c4 e6 3. Nc3 Bb4 4. e3 O-O 5. a3 Bxc3+ 6. bxc3 b6 7. Bd3 Bb7 8. f3
Ba6 9. e4 Ne8 10. Nh3 Nc6 11. e5 Qh4+ 12. Nf2 Na5 13. Qe2 c5 14. O-O cxd4 15.
Ne4 h6 16. Bd2 Nb3 17. Be1 Qf4 18. Rb1 Nc1 19. Rxc1 Qxc1 20. Bf2 Qxa3 21. Bxd4
Bb7 22. f4 Rc8 23. Nf6+ Kh8 24. f5 exf5 25. Qd2 Nxf6 26. exf6 g5 27. Rxf5 Rg8
28. h4 {probleme pendule temps 1:27 - 1:00} Rce8 29. hxg5 Qd6 30. Rd5 (30. g6
Rxg6 31. Rd5 Qg3) 30... Qg3 0-1

[Event "Tournoi de GMI de Deauville"]
[Site "Deauville"]
[Date "2010.02.??"]
[Round "2.5"]
[White "Colin, Vincent"]
[Black "Le Roux, Jean-Pierre"]
[Result "1/2-1/2"]
[WhiteElo "2437"]
[BlackElo "2497"]
[PlyCount "58"]

1. d4 Nf6 2. Nf3 g6 3. Bf4 Bg7 4. e3 O-O 5. Be2 c5 6. c3 b6 7. O-O Bb7 8. h3 d6
9. a4 Nc6 10. Bh2 Re8 11. Na3 Rc8 12. Re1 a6 13. Bf1 d5 14. Ne5 Ne4 15. f3 Nd6
16. dxc5 Bxe5 17. Bxe5 Nxe5 18. cxd6 Qxd6 19. Nc2 Nc4 20. Bxc4 Rxc4 21. a5 b5
22. Qd2 Rd8 23. Red1 Rdc8 24. Nb4 e6 25. Qf2 Qe7 26. Rd2 Qc7 27. Rd3 h5 28. Rd2
Kg7 29. Rd3 Kg8 1/2-1/2

[Event "Tournoi de GMI de Deauville"]
[Site "Deauville"]
[Date "2010.02.??"]
[Round "3.1"]
[White "Le Roux, Jean-Pierre"]
[Black "Navrotescu, Catalin"]
[Result "1-0"]
[WhiteElo "2497"]
[BlackElo "2444"]
[PlyCount "87"]
[EventDate "2010.??.??"]

1. d4 Nf6 2. Nf3 g6 3. c4 Bg7 4. g3 O-O 5. Bg2 d6 6. O-O Nc6 7. Nc3 a6 8. Re1
Rb8 9. e4 Bg4 10. Be3 Nd7 11. Ne2 Na5 12. Rc1 c5 13. b3 Nc6 14. Qd2 e5 15. dxc5
dxc5 16. h3 Be6 17. Nc3 Nd4 18. Kh2 b5 19. cxb5 axb5 20. Nd5 Ra8 21. Red1 Re8
22. Ne1 b4 23. Nd3 Ra5 24. Bxd4 exd4 25. Rc2 Bxd5 26. exd5 Bf8 27. Re1 Rxe1 28.
Qxe1 Kg7 29. Re2 Ra3 30. Rc2 Qe7 31. Qc1 Qf6 32. f4 Bd6 33. Nf2 Qe7 34. Bf3 Nf6
35. Kg2 Qd8 36. Re2 h5 37. Nd3 Qa5 38. Qd2 Qa6 39. Qc2 Ra5 40. Qc4 Qa8 41. Qc2
Qd8 42. Qb1 Ra7 43. Qc1 Ra5 44. f5 1-0

[Event "Tournoi de GMI de Deauville"]
[Site "Deauville"]
[Date "2010.02.??"]
[Round "3.2"]
[White "David, Alberto"]
[Black "Colin, Vincent"]
[Result "1/2-1/2"]
[WhiteElo "2608"]
[BlackElo "2437"]
[PlyCount "43"]

1. e4 c5 2. Nf3 Nc6 3. Bb5 g6 4. O-O Bg7 5. c3 Nf6 6. Re1 O-O 7. d4 cxd4 8.
cxd4 d5 9. e5 Ne4 10. Nc3 Nxc3 11. bxc3 Na5 12. Bg5 Bd7 13. Bd3 Rc8 14. Rc1 Nc4
15. Rb1 b6 16. h3 Na3 17. Rb3 Nc4 18. Qc1 f6 19. e6 Ba4 20. Rb4 fxg5 21. Rxa4
a5 22. Qb1 1/2-1/2

[Event "Tournoi de GMI de Deauville"]
[Site "Deauville"]
[Date "2010.02.??"]
[Round "3.4"]
[White "Kulaots, Kaido"]
[Black "Terrieux, Kevin"]
[Result "1/2-1/2"]
[WhiteElo "2584"]
[BlackElo "2433"]
[PlyCount "44"]

1. e4 c5 2. Nf3 e6 3. d4 cxd4 4. Nxd4 a6 5. Nc3 Qc7 6. Be2 Bb4 7. O-O Nf6 8.
Bg5 Bxc3 9. Bxf6 gxf6 10. bxc3 d6 11. Qd2 h5 12. Qf4 Qe7 13. Qg3 Nd7 14. f4 Nc5
15. e5 Bd7 16. exd6 Qxd6 17. Rad1 Qc7 18. Qg7 O-O-O 19. Qxf7 e5 20. fxe5 fxe5
21. Nf5 Be6 22. Qxc7+ Kxc7 1/2-1/2

[Event "Tournoi de GMI de Deauville"]
[Site "Deauville"]
[Date "2010.02.??"]
[Round "3.5"]
[White "Payen, Arnaud"]
[Black "Rausis, Igor"]
[Result "1/2-1/2"]
[WhiteElo "2352"]
[BlackElo "2505"]
[PlyCount "77"]

1. e4 Nf6 2. e5 Nd5 3. d4 d6 4. Nf3 Bg4 5. Be2 e6 6. O-O Be7 7. c4 Nb6 8. Nc3
O-O 9. h3 Bh5 10. Be3 Nc6 11. exd6 cxd6 12. d5 Bxf3 13. Bxf3 Ne5 14. dxe6 fxe6
15. Bg4 Qd7 16. Bxb6 axb6 17. Re1 Bf6 18. Nd5 Qf7 19. Nxf6+ Qxf6 20. Qe2 Kh8
21. Red1 Rad8 22. Rd2 d5 23. cxd5 exd5 24. Re1 Rfe8 25. Qd1 d4 26. Re4 d3 27.
Qe1 g5 28. h4 Rd4 29. Bh5 Rxe4 30. Qxe4 Rf8 31. hxg5 Qxg5 32. Bd1 Kg7 33. g3
Qxd2 34. Qxe5+ Rf6 35. Qe7+ Kg6 36. Bh5+ Kxh5 37. Qxf6 Qe1+ 38. Kg2 d2 39. Qf5+
1/2-1/2

[Event "Tournoi de GMI de Deauville"]
[Site "Deauville"]
[Date "2010.02.??"]
[Round "4.1"]
[White "Navrotescu, Catalin"]
[Black "Rausis, Igor"]
[Result "1/2-1/2"]
[WhiteElo "2444"]
[BlackElo "2505"]
[PlyCount "36"]

1. d4 d5 2. c4 c6 3. Nf3 Nf6 4. Nc3 dxc4 5. e3 b5 6. a4 b4 7. Na2 e6 8. Bxc4
Be7 9. O-O Nbd7 10. Qe2 a5 11. Rd1 Nb6 12. Bb3 Ba6 13. Qe1 Qc7 14. e4 c5 15.
dxc5 Nbd7 16. e5 Nd5 17. Bxd5 exd5 18. Be3 O-O 1/2-1/2

[Event "Tournoi de GMI de Deauville"]
[Site "Deauville"]
[Date "2010.02.??"]
[Round "4.2"]
[White "Terrieux, Kevin"]
[Black "Payen, Arnaud"]
[Result "0-1"]
[WhiteElo "2433"]
[BlackElo "2352"]
[PlyCount "78"]

1. d4 d6 2. c4 f5 3. Nf3 Nf6 4. g3 g6 5. Bg2 Bg7 6. O-O O-O 7. b3 e5 8. dxe5
dxe5 9. Ba3 Qxd1 10. Rxd1 Re8 11. Nc3 e4 12. Nd4 c6 13. Bd6 Ng4 14. h3 Ne5 15.
f4 Nf7 16. Ba3 Na6 17. e3 Nd8 18. Rac1 Ne6 19. Nxe6 Bxe6 20. Bf1 Rad8 21. Na4
b6 22. Be2 c5 23. Kf2 h5 24. Nc3 Rxd1 25. Bxd1 Rd8 26. Ke1 Rd3 27. Nd5 Bxd5 28.
cxd5 Rxe3+ 29. Be2 Kf8 30. Kf1 Bd4 31. Bxa6 Rxg3 32. Rc2 Rg1+ 33. Ke2 g5 34.
Rd2 Ke8 35. Bb5+ Kd8 36. Rxd4 cxd4 37. Bf8 d3+ 38. Kd2 Rg2+ 39. Kd1 e3 0-1

[Event "Tournoi de GMI de Deauville"]
[Site "Deauville"]
[Date "2010.02.??"]
[Round "4.3"]
[White "Pavlovic, Milos"]
[Black "Kulaots, Kaido"]
[Result "0-1"]
[WhiteElo "2539"]
[BlackElo "2584"]
[Annotator ",Antoine"]
[PlyCount "40"]

1. Nf3 Nf6 2. c4 e6 3. g3 a6 4. b3 b5 5. Nc3 d5 6. cxd5 exd5 7. d4 c5 8. Bg2
Bb7 9. O-O Nbd7 10. Be3 Rc8 11. Ne5 cxd4 12. Bxd4 Nc5 13. Nd3 Nce4 14. Rc1 Be7
15. Nf4 O-O 16. Qd3 Nc5 17. Qb1 Ne6 18. Bxf6 Bxf6 19. Ncxd5 Rxc1 20. Rxc1 Bg5 {
perte au temps des blancs au 72~/= coup (finale de D et pions)} 0-1

[Event "Tournoi de GMI de Deauville"]
[Site "Deauville"]
[Date "2010.02.??"]
[Round "4.4"]
[White "Colin, Vincent"]
[Black "Houska, Jovanka"]
[Result "1-0"]
[WhiteElo "2437"]
[BlackElo "2401"]
[PlyCount "77"]

1. e4 c6 2. d4 d5 3. exd5 cxd5 4. c4 Nf6 5. Nc3 e6 6. Nf3 Be7 7. cxd5 Nxd5 8.
Bd3 Nc6 9. O-O O-O 10. Re1 Nf6 11. a3 b6 12. Bg5 Bb7 13. Bc2 Rc8 14. Qd3 g6 15.
Rad1 Nd5 16. Bh6 Re8 17. h4 Nxc3 18. bxc3 Bf6 19. Ba4 Qd6 20. Ng5 Qxa3 21. Ne4
Bg7 22. Ra1 Qe7 23. Bg5 f6 24. Bc1 Rcd8 25. Qg3 e5 26. Bb3+ Kh8 27. h5 g5 28.
Ba3 Qc7 29. h6 Bf8 30. Nxf6 Bxa3 31. Nxe8 Rxe8 32. Rxa3 Qe7 33. Raa1 Qf6 34.
Ba4 Re7 35. Bxc6 Bxc6 36. Rxe5 Rxe5 37. Qxe5 Qxe5 38. dxe5 a5 39. Rd1 1-0

[Event "Tournoi de GMI de Deauville"]
[Site "Deauville"]
[Date "2010.02.??"]
[Round "4.5"]
[White "Le Roux, Jean-Pierre"]
[Black "David, Alberto"]
[Result "0-1"]
[WhiteElo "2497"]
[BlackElo "2608"]
[PlyCount "56"]

1. Nf3 Nf6 2. c4 e6 3. g3 d5 4. d4 dxc4 5. Bg2 Nc6 6. O-O Rb8 7. Nc3 b5 8. e4
Be7 9. Qe2 b4 10. Na4 Ba6 11. Bf4 Bb5 12. Qc2 b3 13. axb3 Nb4 14. Qc1 Nd3 15.
Qe3 cxb3 16. Nc3 Nxf4 17. Nxb5 Nxg2 18. Qd3 O-O 19. Ne5 Qe8 20. Nxc7 Qc8 21.
Na6 Rb6 22. Kxg2 Qc2 23. Qe3 Nxe4 24. Nd7 Bg5 25. Qe1 Nd2 26. Rc1 Nxf1 27. Rxc2
bxc2 28. f4 Rxb2 0-1

[Event "Tournoi de GMI de Deauville"]
[Site "Deauville"]
[Date "2010.02.??"]
[Round "5.1"]
[White "David, Alberto"]
[Black "Navrotescu, Catalin"]
[Result "1/2-1/2"]
[WhiteElo "2608"]
[BlackElo "2444"]
[PlyCount "59"]
[EventDate "2010.??.??"]

1. e4 c5 2. Nf3 e6 3. d3 d5 4. Qe2 Nf6 5. g3 Be7 6. Bg2 Nc6 7. O-O O-O 8. c3 b5
9. Re1 a5 10. a4 bxa4 11. e5 Nd7 12. Rxa4 Rb8 13. h4 c4 14. d4 Nb6 15. Ra1 a4
16. Bg5 Na5 17. Na3 Nb3 18. Rad1 Na8 19. Qc2 Nc7 20. Bxe7 Qxe7 21. Ng5 f5 22.
exf6 gxf6 23. Nh3 Kh8 24. Nf4 Qg7 25. Re3 Rb6 26. Rde1 Bd7 27. Qe2 Na5 28. Bh3
f5 29. Qc2 Nb7 30. Qc1 1/2-1/2

[Event "Tournoi de GMI de Deauville"]
[Site "Deauville"]
[Date "2010.02.??"]
[Round "5.2"]
[White "Houska, Jovanka"]
[Black "Le Roux, Jean-Pierre"]
[Result "1/2-1/2"]
[WhiteElo "2401"]
[BlackElo "2497"]
[PlyCount "99"]
[EventDate "2010.??.??"]

1. d4 Nf6 2. Nf3 c5 3. d5 b5 4. Bg5 Qb6 5. Bxf6 exf6 6. e4 d6 7. Nbd2 Be7 8. a4
b4 9. Nc4 Qc7 10. a5 O-O 11. Bd3 Nd7 12. O-O f5 13. exf5 Bb7 14. Be2 Bf6 15. a6
Bc8 16. Nfd2 Re8 17. Bd3 Nb6 18. Qf3 Bd7 19. Ne4 Rxe4 20. Qxe4 Nxc4 21. Qxc4
Bxb2 22. Rab1 Bc3 23. f6 g6 24. Rb3 Qa5 25. Rxc3 bxc3 26. Qf4 Qd8 27. Qxd6 Bf5
28. Qe5 Bxd3 29. cxd3 c2 30. Rc1 Rb8 31. Qc3 Qxd5 32. Qxc2 Rb6 33. Qc3 h5 34.
Re1 Rxa6 35. Re8+ Kh7 36. h4 Qf5 37. Re3 Qxf6 38. Qc4 Ra1+ 39. Kh2 Kg7 40. Rf3
Qd6+ 41. g3 f5 42. Re3 Qd4 43. Qe6 Kh6 44. Qe7 Ra2 45. Kg1 Ra1+ 46. Kh2 Ra2 47.
Qg5+ Kg7 48. Qe7+ Kh6 49. Qg5+ Kg7 50. Qe7+ 1/2-1/2

[Event "Tournoi de GMI de Deauville"]
[Site "Deauville"]
[Date "2010.02.??"]
[Round "5.3"]
[White "Kulaots, Kaido"]
[Black "Colin, Vincent"]
[Result "1-0"]
[WhiteElo "2584"]
[BlackElo "2437"]
[PlyCount "127"]
[EventDate "2010.??.??"]

1. e4 c5 2. Nf3 Nc6 3. d4 cxd4 4. Nxd4 g6 5. Nc3 Bg7 6. Be3 Nf6 7. Bc4 O-O 8.
Bb3 d6 9. f3 Bd7 10. Qd2 Nxd4 11. Bxd4 b5 12. a4 bxa4 13. Bxa4 Qc7 14. Bxd7
Qxd7 15. O-O Rfb8 16. b3 Rb7 17. Ra4 Rc8 18. Rfa1 Rcc7 19. R1a2 e6 20. Ra6 Ne8
21. Bxg7 Kxg7 22. Nd1 d5 23. exd5 Qxd5 24. Qxd5 exd5 25. R6a4 h5 26. Ne3 Nf6
27. Rd4 Rd7 28. Kf2 Rb6 29. Raa4 Kf8 30. Rd2 Ke7 31. h3 Rbd6 32. Rad4 Rd8 33.
g4 hxg4 34. hxg4 Rh8 35. g5 Ne8 36. Nxd5+ Kf8 37. Nf6 Rh2+ 38. Ke3 Re6+ 39. Ne4
Rxd2 40. Kxd2 Ke7 41. c4 Re5 42. f4 Rf5 43. Ke3 Ra5 44. Rd2 Ra3 45. Rb2 Ng7 46.
Nc5 Kd6 47. Nd3 Nf5+ 48. Kd2 a5 49. Kc3 Ra1 50. Rd2 Kc7 51. Re2 a4 52. bxa4
Ra3+ 53. Kd2 Ra2+ 54. Ke1 Rxa4 55. Ne5 Nd6 56. Rd2 Nxc4 57. Rc2 Kd6 58. Rxc4
Ra2 59. Nxf7+ Ke6 60. Ne5 Kf5 61. Nd3 Rh2 62. Kd1 Ra2 63. Rc2 Ra3 64. Ke2 1-0

[Event "Tournoi de GMI de Deauville"]
[Site "Deauville"]
[Date "2010.02.??"]
[Round "5.4"]
[White "Payen, Arnaud"]
[Black "Pavlovic, Milos"]
[Result "1/2-1/2"]
[WhiteElo "2352"]
[BlackElo "2539"]
[PlyCount "85"]
[EventDate "2010.??.??"]

1. d4 Nf6 2. Nf3 e6 3. e3 c5 4. Bd3 b6 5. O-O Bb7 6. c4 d6 7. Nc3 Nbd7 8. b3 g6
9. Bb2 Bg7 10. Qe2 O-O 11. Rfd1 a6 12. Rac1 Re8 13. Bb1 Qc7 14. h3 Rac8 15.
dxc5 bxc5 16. Rd2 Qb8 17. Qd1 d5 18. Na4 Red8 19. cxd5 exd5 20. Ba3 d4 21. Nxc5
dxe3 22. fxe3 Nxc5 23. Bxc5 Nd5 24. b4 Nxb4 25. Bxb4 Bxf3 26. Rxd8+ Rxd8 27.
Qxf3 Qxb4 28. Rf1 Qe7 29. Bc2 Bh6 30. Bb3 Qxe3+ 31. Qxe3 Bxe3+ 32. Kh2 Rd7 33.
g4 Kg7 34. Kg3 f6 35. Rd1 Rc7 36. Be6 Kh6 37. Rd7 Rxd7 38. Bxd7 Bc5 39. h4 Bb4
40. Kh3 Be1 41. Be6 a5 42. a4 Kg7 43. h5 1/2-1/2

[Event "Tournoi de GMI de Deauville"]
[Site "Deauville"]
[Date "2010.02.??"]
[Round "5.5"]
[White "Rausis, Igor"]
[Black "Terrieux, Kevin"]
[Result "1/2-1/2"]
[WhiteElo "2505"]
[BlackElo "2433"]
[PlyCount "40"]
[EventDate "2010.??.??"]

1. e4 c5 2. Nc3 Nc6 3. Bb5 Nd4 4. Bc4 e6 5. Nge2 Nf6 6. O-O a6 7. d3 b5 8. Bb3
Nxb3 9. axb3 b4 10. Na4 d5 11. Bg5 Bb7 12. f3 Be7 13. e5 Nd7 14. Bxe7 Qxe7 15.
f4 d4 16. Ng3 O-O 17. Qe2 f5 18. exf6 Rxf6 19. Rf2 Raf8 20. Raf1 Bd5 1/2-1/2

[Event "Tournoi de GMI de Deauville"]
[Site "Deauville"]
[Date "2010.02.??"]
[Round "6.1"]
[White "Navrotescu, Catalin"]
[Black "Terrieux, Kevin"]
[Result "1/2-1/2"]
[WhiteElo "2444"]
[BlackElo "2433"]
[PlyCount "53"]
[EventDate "2010.??.??"]

1. d4 Nf6 2. c4 e6 3. Nc3 Bb4 4. e3 b6 5. Bd3 Bb7 6. Nf3 Ne4 7. O-O Bxc3 8.
bxc3 O-O 9. Ne1 f5 10. f3 Nf6 11. Qe2 d6 12. e4 fxe4 13. fxe4 e5 14. Bg5 Nbd7
15. Nc2 Qe8 16. Rae1 Qg6 17. Bc1 Rae8 18. Nb4 c6 19. Nc2 Qh5 20. Qxh5 Nxh5 21.
Ne3 Nf4 22. Bc2 g6 23. Ng4 h5 24. dxe5 dxe5 25. Nxe5 Nh3+ 26. gxh3 Nxe5 27.
Rxf8+ 1/2-1/2

[Event "Tournoi de GMI de Deauville"]
[Site "Deauville"]
[Date "2010.02.??"]
[Round "6.2"]
[White "Pavlovic, Milos"]
[Black "Rausis, Igor"]
[Result "1/2-1/2"]
[WhiteElo "2539"]
[BlackElo "2505"]
[PlyCount "37"]
[EventDate "2010.??.??"]

1. Nf3 d5 2. c4 dxc4 3. e3 Be6 4. Na3 Nf6 5. Bxc4 Bxc4 6. Nxc4 Qd5 7. Qe2 Nc6
8. O-O e5 9. d3 Rd8 10. b3 Be7 11. Bb2 e4 12. dxe4 Qxe4 13. Rac1 O-O 14. Nce5
Nxe5 15. Nxe5 c6 16. f3 Qd5 17. Rc2 Qe6 18. e4 Nd7 19. Nd3 1/2-1/2

[Event "Tournoi de GMI de Deauville"]
[Site "Deauville"]
[Date "2010.02.??"]
[Round "6.3"]
[White "Colin, Vincent"]
[Black "Payen, Arnaud"]
[Result "1/2-1/2"]
[WhiteElo "2437"]
[BlackElo "2352"]
[PlyCount "156"]
[EventDate "2010.??.??"]

1. d4 d5 2. c4 e6 3. Nc3 Nf6 4. cxd5 exd5 5. Bg5 Bb4 6. e3 h6 7. Bxf6 Qxf6 8.
Qa4+ Nc6 9. Bb5 Bd7 10. Nge2 O-O 11. O-O Bxc3 12. Nxc3 Qd6 13. Rac1 a6 14. Be2
Ne7 15. Qc2 Rfc8 16. Bf3 Rab8 17. Rfd1 c6 18. Qe2 Bf5 19. g3 Re8 20. b3 Nc8 21.
Na4 Qf6 22. Bg2 Nd6 23. Nc5 Ra8 24. Re1 Re7 25. h3 g5 26. f3 Rae8 27. Qf2 Bg6
28. g4 Kg7 29. Rcd1 h5 30. Rd2 hxg4 31. hxg4 Bh7 32. a4 Bg6 33. a5 Bh7 34. e4
dxe4 35. fxe4 Qxf2+ 36. Kxf2 f6 37. b4 Kf7 38. e5 Nc4 39. e6+ Rxe6 40. Rxe6
Rxe6 41. Nxe6 Nxd2 42. Nd8+ Ke7 43. Nxb7 Be4 44. Bh3 Bd5 45. Nc5 Bc4 46. Bg2
Kd6 47. Ke3 Nf1+ 48. Kf2 Nd2 49. Ke1 Nb1 50. Bf1 Bxf1 51. Kxf1 Na3 52. Nxa6 Nc2
53. Ke2 Nxd4+ 54. Kd3 Nb5 55. Ke4 Nc3+ 56. Kd4 Nd5 57. Nc5 Nxb4 58. a6 Nd5 59.
a7 Nc7 60. Ne4+ Kd7 61. Kc5 Na8 62. Nxf6+ Kc7 63. Ne4 Kb7 64. Nxg5 Nc7 65. Ne4
Ne6+ 66. Kd6 Nf4 67. g5 Kxa7 68. Kxc6 Ka6 69. Kd6 Kb5 70. Nf2 Kc4 71. Nh3 Ng6
72. Ke6 Kd4 73. Kf6 Ne5 74. Nf2 Nd7+ 75. Kf5 Ne5 76. Kf6 Nd7+ 77. Ke6 Ne5 78.
Kf5 Nf3 1/2-1/2

[Event "Tournoi de GMI de Deauville"]
[Site "Deauville"]
[Date "2010.02.??"]
[Round "6.4"]
[White "Le Roux, Jean-Pierre"]
[Black "Kulaots, Kaido"]
[Result "1-0"]
[WhiteElo "2497"]
[BlackElo "2584"]
[PlyCount "123"]
[EventDate "2010.??.??"]

1. d4 Nf6 2. c4 e6 3. Nf3 d5 4. Nc3 c6 5. e3 Nbd7 6. Qc2 Bd6 7. b3 O-O 8. Be2
b6 9. O-O Bb7 10. Rd1 Qe7 11. e4 Nxe4 12. Nxe4 dxe4 13. Qxe4 f5 14. Qc2 c5 15.
Bb2 Rad8 16. h3 Bb8 17. a3 Be4 18. Qc3 cxd4 19. Rxd4 e5 20. Rdd1 Bb7 21. b4 e4
22. Nd4 Be5 23. Qb3 Kh8 24. Rac1 Bf4 25. c5 Bxc1 26. Rxc1 Ne5 27. cxb6 Bd5 28.
Rc7 Qf6 29. Qc2 axb6 30. f4 exf3 31. Nxf3 Bxf3 32. gxf3 Qg5+ 33. Kf1 Rde8 34.
Qb3 Re7 35. Qc3 Rfe8 36. Rxe7 Qxe7 37. Bb5 Rd8 38. Qxe5 Qxe5 39. Bxe5 Rd5 40.
Bc7 Rxb5 41. Ke2 f4 42. Kd3 Kg8 43. Kc4 Rh5 44. Bxb6 Kf7 45. a4 Ke6 46. a5 Kd7
47. Bc5 Rxh3 48. a6 Rh1 49. b5 Rc1+ 50. Kd5 Ra1 51. Bd4 Ra4 52. Kc5 g5 53. Be5
Kc8 54. Kb6 Rb4 55. Bd6 Rb1 56. Be5 Rb3 57. Bd6 Rb1 58. a7 Ra1 59. Bc5 h5 60.
Kc6 Ra5 61. b6 Ra6 62. Bd6 1-0

[Event "Tournoi de GMI de Deauville"]
[Site "Deauville"]
[Date "2010.02.??"]
[Round "6.5"]
[White "David, Alberto"]
[Black "Houska, Jovanka"]
[Result "1-0"]
[WhiteElo "2608"]
[BlackElo "2401"]
[PlyCount "73"]
[EventDate "2010.??.??"]

1. d4 d5 2. c4 c6 3. Nc3 Nf6 4. Nf3 a6 5. a4 e6 6. g3 Nbd7 7. Bg2 Bd6 8. O-O
O-O 9. Nd2 c5 10. cxd5 exd5 11. Nxd5 Nxd5 12. Bxd5 cxd4 13. Bg2 Nf6 14. Nf3 Bc5
15. Bf4 Qb6 16. Be5 Rd8 17. Qd3 Ng4 18. Bf4 Bd6 19. Bg5 f6 20. Bd2 Ne5 21. Nxe5
Bxe5 22. Be4 f5 23. Bxf5 Bxf5 24. Qxf5 Re8 25. Qd3 Bf6 26. b4 Qe6 27. Rfe1 Rac8
28. Rab1 Qh3 29. Qf3 Rc2 30. Qb3+ Kf8 31. Qxc2 Re5 32. Qc7 Rh5 33. Qb8+ Bd8 34.
Qxd8+ Kf7 35. Qc7+ Kg6 36. Qb6+ Kf5 37. Qxb7 1-0